[Event "Stay Safe Play From Home 195"]
[Site "T#646521Emanuel Laske"]
[Date "2020.06.02"]
[Round "6"]
[White "Batualkoc52"]
[Black "Aktürk"]
[Result "0-1"]
[WhiteElo "1457"]
[BlackElo "1496"]
[Annotator "NA RC"]
[PlyCount "76"]
[EventDate "2020.06.02"]
[EventType "swiss (blitz)"]

1. d4 {[%emt 0:00:17]} e6 {[%emt 0:00:00]} 2. c4 {[%emt 0:00:02]} Qf6 {[%emt 0:00:01]} 3. e3 {[%emt 0:00:02]} b6 {[%emt 0:00:01]} 4. Nf3 {[%emt 0:00:02]} Bb7 {[%emt 0:00:01]} 5. Nc3 {[%emt 0:00:06]} Qg6 {[%emt 0:00:03]} 6. Bd3 {[%emt 0:00:05]} Qxg2 {[%emt 0:00:03]} 7. Rg1 {[%emt 0:00:07]} Qxf3 {[%emt 0:00:02]} 8. Qxf3 {[%emt 0:00:19]} Bxf3 {[%emt 0:00:02]} 9. e4 {[%emt 0:00:03]} Bh5 {[%emt 0:00:06]} 10. e5 {[%emt 0:00:14]} Nc6 {[%emt 0:00:02]} 11. Be3 {[%emt 0:00:10]} Nb4 {[%emt 0:00:03]} 12. Be4 {[%emt 0:00:07]} Rb8 {[%emt 0:00:07]} 13. a3 {[%emt 0:00:05]} Na6 {[%emt 0:00:03]} 14. Nb5 {[%emt 0:00:05]} Ne7 {[%emt 0:00:13]} 15. d5 {[%emt 0:00:03]} Bg6 {[%emt 0:00:06]} 16. d6 {[%emt 0:00:06]} cxd6 {[%emt 0:00:07]} 17. Nxd6+ {[%emt 0:00:03]} Kd8 {[%emt 0:00:03]} 18. Bxg6 {[%emt 0:00:05]} Nxg6 {[%emt 0:00:05]} 19. Nxf7+ {[%emt 0:00:04]} Ke7 {[%emt 0:00:01]} 20. Nxh8 {[%emt 0:00:03]} Nxh8 {[%emt 0:00:02]} 21. b4 {[%emt 0:00:04]} Nf7 {[%emt 0:00:02]} 22. Rd1 {[%emt 0:00:08]} Nxe5 {[%emt 0:00:02]} 23. Bf4 {[%emt 0:00:10]} d6 {[%emt 0:00:14]} 24. c5 {[%emt 0:00:06]} bxc5 {[%emt 0:00:05]} 25. bxc5 {[%emt 0:00:03]} Nxc5 {[%emt 0:00:02]} 26. Bg5+ {[%emt 0:00:21]} Kd7 {[%emt 0:00:07]} 27. Ke2 {[%emt 0:00:06]} Rb2+ {[%emt 0:00:05]} 28. Ke3 {[%emt 0:00:23]} Rb3+ {[%emt 0:00:04]} 29. Kd2 {[%emt 0:00:09]} Nf3+ {[%emt 0:00:05]} 30. Kc2 {[%emt 0:00:03]} Nxg1 {[%emt 0:00:03]} 31. Be3 {[%emt 0:00:07]} Rxe3 {[%emt 0:00:06]} 32. fxe3 {[%emt 0:00:04]} Nf3 {[%emt 0:00:03]} 33. Rf1 {[%emt 0:00:06]} Nxh2 {[%emt 0:00:08]} 34. Rxf8 {[%emt 0:00:03]} Ng4 {[%emt 0:00:04]} 35. Rf4 {[%emt 0:00:02]} Nxe3+ {[%emt 0:00:02]} 36. Kd2 {[%emt 0:00:07]} Nd5 {[%emt 0:00:03]} 37. Rf7+ {[%emt 0:00:02]} Kc6 {[%emt 0:00:02]} 38. Rxg7 {[%emt 0:00:01]} Ne4+ {[%emt 0:00:03] Zaman (Lag: Av=0.35s, max=0.8s)} 0-1

[Event "Stay Safe Play From Home 195"]
[Site "T#646521Emanuel Laske"]
[Date "2020.06.02"]
[Round "6"]
[White "Galatasaray01"]
[Black "Bonuses"]
[Result "0-1"]
[WhiteElo "1130"]
[BlackElo "1834"]
[Annotator "NA RC"]
[PlyCount "66"]
[EventDate "2020.06.02"]
[EventType "swiss (blitz)"]

1. e4 {[%emt 0:00:05]} d6 {[%emt 0:00:00]} 2. d4 {[%emt 0:00:04]} e5 {[%emt 0:00:00]} 3. Nf3 {[%emt 0:00:02]} exd4 {[%emt 0:00:01]} 4. Nxd4 {[%emt 0:00:02]} Nf6 {[%emt 0:00:01]} 5. Nc3 {[%emt 0:00:01]} g6 {[%emt 0:00:02]} 6. Bc4 {[%emt 0:00:05]} Bg7 {[%emt 0:00:02]} 7. O-O {[%emt 0:00:03]} O-O {[%emt 0:00:16]} 8. Bg5 {[%emt 0:00:08]} c6 {[%emt 0:00:02]} 9. Qd2 {[%emt 0:00:02]} Nbd7 {[%emt 0:00:06]} 10. Rfe1 {[%emt 0:00:05]} Qc7 {[%emt 0:00:03]} 11. Nf3 {[%emt 0:00:18]} Ne5 {[%emt 0:00:05]} 12. Nxe5 {[%emt 0:00:02]} dxe5 {[%emt 0:00:06]} 13. Ne2 {[%emt 0:00:09]} Nxe4 {[%emt 0:00:09]} 14. Qe3 {[%emt 0:00:11]} Nxg5 {[%emt 0:00:02]} 15. Qxg5 {[%emt 0:00:01]} b5 {[%emt 0:00:08]} 16. Bb3 {[%emt 0:00:04]} a5 {[%emt 0:00:03]} 17. c4 {[%emt 0:00:05]} Be6 {[%emt 0:00:10]} 18. Nc3 {[%emt 0:00:11]} a4 {[%emt 0:00:02]} 19. Bc2 {[%emt 0:00:03]} Bxc4 {[%emt 0:00:02]} 20. Ne4 {[%emt 0:00:10]} f6 {[%emt 0:00:03]} 21. Qg4 {[%emt 0:00:08]} f5 {[%emt 0:00:03]} 22. Qe2 {[%emt 0:00:24]} Bxe2 {[%emt 0:00:02]} 23. Rxe2 {[%emt 0:00:06]} fxe4 {[%emt 0:00:02]} 24. Bxe4 {[%emt 0:00:02]} Rad8 {[%emt 0:00:03]} 25. b3 {[%emt 0:00:12]} Rd4 {[%emt 0:00:04]} 26. bxa4 {[%emt 0:00:05]} Rxa4 {[%emt 0:00:02]} 27. Rc1 {[%emt 0:00:02]} c5 {[%emt 0:00:03]} 28. Bd5+ {[%emt 0:00:11]} Kh8 {[%emt 0:00:04]} 29. Rce1 {[%emt 0:00:03]} Rd4 {[%emt 0:00:04]} 30. Bf3 {[%emt 0:00:09]} c4 {[%emt 0:00:02]} 31. Bg4 {[%emt 0:00:03]} Qd6 {[%emt 0:00:02]} 32. f4 {[%emt 0:00:02]} Rdxf4 {[%emt 0:00:05]} 33. g3 {[%emt 0:00:05]} Rxg4 {[%emt 0:00:02] Galatasaray01 terk eder (Lag: Av=1.32s, max=3.0s)} 0-1

[Event "Stay Safe Play From Home 195"]
[Site "T#646521Emanuel Laske"]
[Date "2020.06.02"]
[Round "7"]
[White "Position"]
[Black "Dukic"]
[Result "1-0"]
[WhiteElo "2173"]
[BlackElo "1942"]
[Annotator "TA"]
[PlyCount "69"]
[EventDate "2020.06.02"]
[EventType "swiss (blitz)"]

{[%evp 9,69,36,49,48,56,6,8,0,-2,-8,31,17,7,-26,-31,-15,-10,-8,-8,-31,-33,-54,-41,-58,-35,-64,-49,-50,-43,-89,-100,-83,-80,-77,-74,-97,-93,-89,-71,-75,0,-35,-51,-156,0,-17,4,-228,-42,-127,-103,-133,-122,-212,-210,-217,-69,-268,-199,-230,-239,-231]} 1. e4 c6 2. Nf3 d6 3. Nc3 Bg4 4. h3 Bh5 5. Be2 Nd7 {[#]} 6. O-O $146 {B10: Caro-Kann: 2 d3 and 2 c4.} ({Predecessor:} 6. d4 e5 7. Be3 Ngf6 8. Nd2 Bg6 9. Bf3 Qb6 10. Nc4 Qc7 11. Na3 Be7 12. O-O exd4 13. Bxd4 {0-1 (56) Paes,G (1800)-Oliveira,C (1780) Itajai 2017}) 6... e5 7. Nh2 Bg6 8. d3 {The position is equal.} Ngf6 9. Kh1 b5 {[%cal Bb7b5,Bb5b4][%mdl 32]} 10. a3 a5 11. Bg5 Be7 12. f4 {Black must now prevent Bxf6.} exf4 13. Bxf4 b4 14. Nb1 O-O 15. a4 Re8 16. Nd2 Nc5 {[%cal Bd7c5,Bc5e6,Be6f4][%mdl 32]} 17. Bf3 d5 {[%cal Rd5e4]} 18. e5 Nfd7 19. d4 Ne6 20. Be3 Bg5 $36 {[%mdl 2048] Black is in control.} 21. Bxg5 Qxg5 22. Nb3 Nb6 23. Be2 Nf4 {[%csl Gf4][%cal Rg5g2]} 24. Rf2 h5 (24... Nxe2 $17 25. Rxe2 Nc4) 25. Qd2 (25. Bd3 $5) 25... Ne6 26. Bd3 ({White should try} 26. Qe1 $15) 26... Be4 $2 ({Better is} 26... Qxd2 $17 27. Rxd2 Nc4) 27. Bxe4 {Hoping for Qxg5.} dxe4 28. Re1 $2 (28. Qxg5 $11 {and White stays safe.} Nxg5 29. Nf1) 28... Nc4 $2 (28... Nxa4 $19 {Threatens to win with ...Qxd2.} 29. Qxg5 Nxg5) 29. Qe2 {[#]} (29. Qxg5 $15 Nxg5 30. Rf5) 29... e3 $1 $17 {[%cal Re3f2]} ({Don't take} 29... Nxb2 30. Qxe4 Qg6 31. Qxc6 $11) 30. Rf3 Nxb2 31. Rxe3 (31. Ra1 $17) 31... Nxa4 $19 32. Nf3 Qg6 (32... Qf4 $19 {...Nc3 is the strong threat.} 33. Nc1 Qg3) 33. Qc4 $2 (33. Nh4 $1 $15 Qh7 34. Qf3) 33... Rec8 34. Nh4 {[#]} Qg5 $1 {[%cal Rg5h4]} 35. Nf3 {[%mdl 32768] Accuracy: White = 47%, Black = 68%. . Loss on time!?} 1-0

[Event "Stay Safe Play From Home 195"]
[Site "T#646521Emanuel Laske"]
[Date "2020.06.02"]
[Round "7"]
[White "Bellbox"]
[Black "Lazieri3"]
[Result "0-1"]
[WhiteElo "1953"]
[BlackElo "2035"]
[Annotator "TA"]
[PlyCount "82"]
[EventDate "2020.06.02"]
[EventType "swiss (blitz)"]

{[%evp 17,82,0,8,0,8,0,10,4,31,25,35,25,49,42,40,41,33,0,0,0,0,-12,19,0,10,-7,0,-14,0,0,0,-169,-167,-175,-175,-248,-248,-309,-297,-329,-258,-364,-202,-431,-296,-911,-634,-1487,-1347,-2053,-2052,-2318,-2276,-2905,-2871,-29967,-6187,-29981,-29982,-29982,-29983,-29982,-29982,-29986,-29987,-29995,-29996]} 1. e4 c6 2. d4 d5 3. Nd2 dxe4 4. Nxe4 Nd7 5. Nf3 Ngf6 6. Nxf6+ Nxf6 7. Bd3 Bg4 8. c3 e6 9. h3 Bh5 10. O-O {B17: Caro-Kann: Modern Line (4...Nd7).} Bd6 11. Re1 O-O 12. Bg5 {The position is equal.} Bg6 {[#]} (12... Qa5 {looks sharper.} 13. Be3 Qc7 14. Qe2 Rfd8 15. Rad1 Rac8) 13. Bxg6 $146 ({Predecessor:} 13. Ne5 Bxd3 14. Nxd3 Be7 15. Qf3 Qd5 16. Qxd5 cxd5 17. Bxf6 Bxf6 18. Nc5 Be7 19. Nd3 {0-1 (50) Schenn,A (1669)-Hohn,A (1885) Berlin 2010}) 13... hxg6 14. Qe2 Be7 15. Ne5 Nd7 16. Bxe7 Qxe7 17. Rad1 Nxe5 18. Qxe5 Rfd8 19. g3 Qd6 (19... Rd5 {with more complications.} 20. Qf4 Rad8 21. Re5 Rxe5 22. Qxe5 c5) 20. Qe4 Qd5 21. Qxd5 (21. Qb1 {is more complex.} Qc4 22. Re3 a5 23. b3 Qa6 24. Qe4) 21... Rxd5 $11 {[%mdl 4096] Endgame KRR-KRR} 22. Re2 c5 23. Red2 Rad8 24. c4 $2 {[#] White is on the road to losing.} (24. f4 $11) 24... Rxd4 $19 25. Rxd4 Rxd4 ({Don't take} 25... cxd4 26. f4 $17) 26. Rxd4 (26. Rc1 {was necessary.}) 26... cxd4 {KP-KP} 27. Kf1 e5 28. Ke2 Kf8 29. Kd3 (29. f3 $142) 29... Ke7 (29... g5 $142 30. c5 a5) 30. Ke4 $2 {[#]} (30. f4 {was the only chance.} Kd6 31. fxe5+ Kxe5 32. h4) 30... Kd6 31. g4 $2 (31. b4 f5+ 32. Kd3) 31... f6 32. f4 Kc5 33. b3 a5 34. fxe5 fxe5 35. Kd3 Kb4 36. Kc2 a4 37. Kb2 axb3 {Black mates.} 38. axb3 e4 39. Kc2 d3+ 40. Kb2 e3 41. g5 e2 {Accuracy: White = 38%, Black = 64%.} 0-1

[Event "Stay Safe Play From Home 195"]
[Site "T#646521Emanuel Laske"]
[Date "2020.06.02"]
[Round "7"]
[White "Edmatuag"]
[Black "Haris kollari 13"]
[Result "0-1"]
[WhiteElo "1740"]
[BlackElo "1916"]
[Annotator "NA RC"]
[PlyCount "56"]
[EventDate "2020.06.02"]
[EventType "swiss (blitz)"]

1. e4 {[%emt 0:00:02]} e6 {[%emt 0:00:01]} 2. d4 {[%emt 0:00:02]} d5 {[%emt 0:00:01]} 3. Nc3 {[%emt 0:00:03]} Nf6 {[%emt 0:00:02]} 4. e5 {[%emt 0:00:02]} Nfd7 {[%emt 0:00:02]} 5. f4 {[%emt 0:00:00]} c5 {[%emt 0:00:01]} 6. Nf3 {[%emt 0:00:02]} Nc6 {[%emt 0:00:01]} 7. Be3 {[%emt 0:00:01]} a6 {[%emt 0:00:01]} 8. a3 {[%emt 0:00:02]} c4 {[%emt 0:00:02]} 9. Be2 {[%emt 0:00:05]} b5 {[%emt 0:00:01]} 10. O-O {[%emt 0:00:03]} Nb6 {[%emt 0:00:01]} 11. Qe1 {[%emt 0:00:04]} Bd7 {[%emt 0:00:01]} 12. Qg3 {[%emt 0:00:03]} h6 {[%emt 0:00:02]} 13. f5 {[%emt 0:00:07]} exf5 {[%emt 0:00:03]} 14. Nh4 {[%emt 0:00:04]} g6 {[%emt 0:00:06]} 15. Bf3 {[%emt 0:00:05]} Be6 {[%emt 0:00:01]} 16. Nxg6 {[%emt 0:00:03]} fxg6 {[%emt 0:00:03]} 17. Qxg6+ {[%emt 0:00:02]} Kd7 {[%emt 0:00:01]} 18. Bxd5 {[%emt 0:00:22]} Nxd5 {[%emt 0:00:05]} 19. Nxd5 {[%emt 0:00:01]} Bxd5 {[%emt 0:00:01]} 20. e6+ {[%emt 0:00:12]} Bxe6 {[%emt 0:00:02]} 21. d5 {[%emt 0:00:04]} Bxd5 {[%emt 0:00:10]} 22. Rxf5 {[%emt 0:00:02]} Ne7 {[%emt 0:00:12]} 23. Rf7 {[%emt 0:00:06]} Bxf7 {[%emt 0:00:02]} 24. Qxf7 {[%emt 0:00:01]} Kc8 {[%emt 0:00:08]} 25. Qf6 {[%emt 0:00:17]} Rg8 {[%emt 0:00:08]} 26. Bc5 {[%emt 0:00:08]} Qd7 {[%emt 0:00:13]} 27. Rf1 {[%emt 0:00:10]} Qd5 {[%emt 0:00:12]} 28. Qf3 {[%emt 0:00:28]} Qxc5+ {[%emt 0:00:17] Edmatuag resigns (Lag: Av=0.53s, max=2.6s)} 0-1

[Event "Stay Safe Play From Home 195"]
[Site "T#646521Emanuel Laske"]
[Date "2020.06.02"]
[Round "7"]
[White "President"]
[Black "Batualkoc52"]
[Result "1-0"]
[WhiteElo "1714"]
[BlackElo "1394"]
[Annotator "NA RC"]
[PlyCount "53"]
[EventDate "2020.06.02"]
[EventType "swiss (blitz)"]

1. b3 {[%emt 0:00:08]} g6 {[%emt 0:00:08]} 2. Bb2 {[%emt 0:00:02]} Nf6 {[%emt 0:00:03]} 3. Bxf6 {[%emt 0:00:02]} exf6 {[%emt 0:00:06]} 4. c4 {[%emt 0:00:01]} Bg7 {[%emt 0:00:05]} 5. Nc3 {[%emt 0:00:02]} f5 {[%emt 0:00:04]} 6. e3 {[%emt 0:00:02]} O-O {[%emt 0:00:00]} 7. Nge2 {[%emt 0:00:04]} Nc6 {[%emt 0:00:03]} 8. d4 {[%emt 0:00:02]} d6 {[%emt 0:00:04]} 9. g3 {[%emt 0:00:02]} Ne7 {[%emt 0:00:12]} 10. Bg2 {[%emt 0:00:02]} c6 {[%emt 0:00:11]} 11. O-O {[%emt 0:00:01]} Be6 {[%emt 0:00:14]} 12. Nf4 {[%emt 0:00:04]} d5 {[%emt 0:00:06]} 13. cxd5 {[%emt 0:00:04]} cxd5 {[%emt 0:00:05]} 14. Rc1 {[%emt 0:00:06]} Rc8 {[%emt 0:00:09]} 15. h4 {[%emt 0:00:01]} Qa5 {[%emt 0:00:22]} 16. Qd2 {[%emt 0:00:01]} Rfd8 {[%emt 0:00:09]} 17. Ne4 {[%emt 0:00:55]} Qxd2 {[%emt 0:00:12]} 18. Nxd2 {[%emt 0:00:05]} Nc6 {[%emt 0:00:21]} 19. Rc2 {[%emt 0:00:11]} Nb4 {[%emt 0:00:03]} 20. Rxc8 {[%emt 0:00:04]} Rxc8 {[%emt 0:00:05]} 21. a3 {[%emt 0:00:07]} Nc2 {[%emt 0:00:18]} 22. Nxd5 {[%emt 0:00:03]} Bxd5 {[%emt 0:00:04]} 23. Bxd5 {[%emt 0:00:04]} Nxa3 {[%emt 0:00:07]} 24. Bxb7 {[%emt 0:00:02]} Rb8 {[%emt 0:00:17]} 25. Bd5 {[%emt 0:00:04]} Kf8 {[%emt 0:00:02]} 26. Ra1 {[%emt 0:00:08]} Nb5 {[%emt 0:00:05]} 27. Bc4 {[%emt 0:00:05] Zaman (Lag: Av=0.39s, max=1.1s)} 1-0

[Event "Stay Safe Play From Home 195"]
[Site "T#646521Emanuel Laske"]
[Date "2020.06.02"]
[Round "7"]
[White "Abhi46698"]
[Black "Aktürk"]
[Result "1/2-1/2"]
[WhiteElo "1399"]
[BlackElo "1511"]
[Annotator "NA RC"]
[PlyCount "125"]
[EventDate "2020.06.02"]
[EventType "swiss (blitz)"]

1. d4 {[%emt 0:00:05]} e6 {[%emt 0:00:00]} 2. Bf4 {[%emt 0:00:02]} b6 {[%emt 0:00:04]} 3. e3 {[%emt 0:00:03]} Bb7 {[%emt 0:00:01]} 4. Nf3 {[%emt 0:00:04]} f6 {[%emt 0:00:04]} 5. c4 {[%emt 0:00:04]} g5 {[%emt 0:00:03]} 6. Bg3 {[%emt 0:00:03]} Qe7 {[%emt 0:00:02]} 7. h3 {[%emt 0:00:04]} Qb4+ {[%emt 0:00:03]} 8. Qd2 {[%emt 0:00:08]} Qxd2+ {[%emt 0:00:18]} 9. Nbxd2 {[%emt 0:00:00]} Nc6 {[%emt 0:00:03]} 10. Be2 {[%emt 0:00:02]} O-O-O {[%emt 0:00:06]} 11. O-O-O {[%emt 0:00:02]} Nh6 {[%emt 0:00:07]} 12. a3 {[%emt 0:00:14]} Bd6 {[%emt 0:00:05]} 13. Bxd6 {[%emt 0:00:03]} cxd6 {[%emt 0:00:02]} 14. Kb1 {[%emt 0:00:03]} Nf5 {[%emt 0:00:03]} 15. Ka1 {[%emt 0:00:02]} Na5 {[%emt 0:00:02]} 16. b4 {[%emt 0:00:05]} Nc6 {[%emt 0:00:05]} 17. Rc1 {[%emt 0:00:04]} Nce7 {[%emt 0:00:18]} 18. c5 {[%emt 0:00:03]} dxc5 {[%emt 0:00:04]} 19. dxc5 {[%emt 0:00:02]} Bc6 {[%emt 0:00:12]} 20. Ba6+ {[%emt 0:00:08]} Kb8 {[%emt 0:00:04]} 21. cxb6 {[%emt 0:00:05]} axb6 {[%emt 0:00:02]} 22. b5 {[%emt 0:00:03]} Bb7 {[%emt 0:00:03]} 23. Nc4 {[%emt 0:00:10]} Bxa6 {[%emt 0:00:08]} 24. bxa6 {[%emt 0:00:03]} Ka7 {[%emt 0:00:03]} 25. Rb1 {[%emt 0:00:08]} b5 {[%emt 0:00:02]} 26. Rxb5 {[%emt 0:00:09]} Rc8 {[%emt 0:00:12]} 27. Nd6 {[%emt 0:00:09]} Nxd6 {[%emt 0:00:03]} 28. Ra5 {[%emt 0:00:13]} Nc4 {[%emt 0:00:03]} 29. Ra4 {[%emt 0:00:06]} d5 {[%emt 0:00:05]} 30. Rb1 {[%emt 0:00:04]} Rc7 {[%emt 0:00:08]} 31. Nd4 {[%emt 0:00:03]} Ka8 {[%emt 0:00:32]} 32. a7 {[%emt 0:00:12]} Rxa7 {[%emt 0:00:08]} 33. Rxa7+ {[%emt 0:00:07]} Kxa7 {[%emt 0:00:01]} 34. Nxe6 {[%emt 0:00:04]} Nxa3 {[%emt 0:00:04]} 35. Rb3 {[%emt 0:00:09]} Nc4 {[%emt 0:00:10]} 36. Rb4 {[%emt 0:00:10]} Ra8 {[%emt 0:00:04]} 37. Nc5 {[%emt 0:00:09]} Nc6 {[%emt 0:00:02]} 38. Ra4+ {[%emt 0:00:03]} Kb8 {[%emt 0:00:03]} 39. Nd7+ {[%emt 0:00:02]} Kb7 {[%emt 0:00:03]} 40. Nc5+ {[%emt 0:00:03]} Kb6 {[%emt 0:00:06]} 41. Nd7+ {[%emt 0:00:10]} Kc7 {[%emt 0:00:04]} 42. Rxa8 {[%emt 0:00:03]} Kxd7 {[%emt 0:00:02]} 43. Rh8 {[%emt 0:00:05]} N6e5 {[%emt 0:00:02]} 44. Rxh7+ {[%emt 0:00:02]} Ke6 {[%emt 0:00:01]} 45. h4 {[%emt 0:00:04]} gxh4 {[%emt 0:00:02]} 46. Rxh4 {[%emt 0:00:02]} Nd3 {[%emt 0:00:02]} 47. f4 {[%emt 0:00:22]} Nxe3 {[%emt 0:00:02]} 48. g3 {[%emt 0:00:03]} Nf5 {[%emt 0:00:03]} 49. Rh5 {[%emt 0:00:03]} Nxg3 {[%emt 0:00:01]} 50. f5+ {[%emt 0:00:02]} Nxf5 {[%emt 0:00:01]} 51. Kb1 {[%emt 0:00:03]} Nf4 {[%emt 0:00:01]} 52. Rh8 {[%emt 0:00:02]} d4 {[%emt 0:00:01]} 53. Kc2 {[%emt 0:00:01]} d3+ {[%emt 0:00:02]} 54. Kd2 {[%emt 0:00:02]} Ne7 {[%emt 0:00:02]} 55. Re8 {[%emt 0:00:02]} f5 {[%emt 0:00:04]} 56. Ke3 {[%emt 0:00:02]} Nfd5+ {[%emt 0:00:02]} 57. Kxd3 {[%emt 0:00:02]} f4 {[%emt 0:00:01]} 58. Rd8 {[%emt 0:00:03]} Kf5 {[%emt 0:00:03]} 59. Ke2 {[%emt 0:00:02]} Ke5 {[%emt 0:00:07]} 60. Kf3 {[%emt 0:00:00]} Kf5 {[%emt 0:00:05]} 61. Rf8+ {[%emt 0:00:00]} Ke6 {[%emt 0:00:02]} 62. Rxf4 {[%emt 0:00:00]} Nxf4 {[%emt 0:00:02]} 63. Kxf4 {[%emt 0:00:00] (Lag: Av=0.65s, max=1.1s)} 1/2-1/2